| 000 | 01820nam a22001577a 4500 | ||
|---|---|---|---|
| 041 | _aukr | ||
| 080 | _a09 | ||
| 090 | _bМАЙ | ||
| 100 | _aМайстров, А. | ||
| 245 | _aЛінгвістичні особливості оформлення письмових документів, що містять керівні вказівки, у британському варіанті англійської мови докум. | ||
| 260 |
_aОстрог _bКАФ _c2004 |
||
| 300 | _a41 | ||
| 520 |
_aРозділ 1. Лінгвістичні особливості оформлення директив, що спрямовують свої керівні вказівки на учасників дорожнього руху
1.1 Особливості оформлення директивів, що відносяться до тематичного блоку під назвою
1.2 Особливості оформлення директивів, що відносяться до тематичного блоку під назвою
Розділ 2. Лінгвістичні особливості оформлення директивів, що зустрічаються в різних публічних місцях
2.1 Особливості оформлення директивів, що відносяться до тематичного блоку під назвою
2.2 Особливості оформлення директивів, що відносяться до тематичного блоку під назвою
2.3 Особливості оформлення директивів, що корегують поведінку громадян в місцях відпочинку _0комунікація, письмо, імператив |
||
| 650 | _aResearch Papers | ||
| 999 |
_c282588 _d282588 |
||
| 942 | _cBK | ||